Ảnh hưởng của các nền đáy và chế độ dinh dưỡng khác nhau đến tăng trưởng và chất lượng của rong nho (Caulerpa lentillifera) : Luận văn tốt nghiệp Cao học. Chuyên ngành Nuôi trồng thủy sản

Đề tài nghiên cứu ảnh hưởng của các loại nền đáy khác nhau, các hàm lượng bột cá khác nhau và chu kỳ bổ sung bột cá đến tăng trưởng và chất lượng của rong nho.

Gorde:
Xehetasun bibliografikoak
Egile nagusia: Đoàn, Hồng Vân
Formatua: Liburua
Hizkuntza:Undetermined
Argitaratua: Cần Thơ Trường Đại học Cần Thơ 2015
Gaiak:
Etiketak: Etiketa erantsi
Etiketarik gabe, Izan zaitez lehena erregistro honi etiketa jartzen!
Thư viện lưu trữ: Trung tâm Học liệu Trường Đại học Cần Thơ
LEADER 01168nam a2200217Ia 4500
001 CTU_203246
008 210402s9999 xx 000 0 und d
082 |a 579.8 
082 |b V121 
100 |a Đoàn, Hồng Vân 
245 0 |a Ảnh hưởng của các nền đáy và chế độ dinh dưỡng khác nhau đến tăng trưởng và chất lượng của rong nho (Caulerpa lentillifera) : 
245 0 |b Luận văn tốt nghiệp Cao học. Chuyên ngành Nuôi trồng thủy sản 
245 0 |c Đoàn Hồng Vân ; Nguyễn Thị Ngọc Anh (Cán bộ hướng dẫn) 
260 |a Cần Thơ 
260 |b Trường Đại học Cần Thơ 
260 |c 2015 
520 |a Đề tài nghiên cứu ảnh hưởng của các loại nền đáy khác nhau, các hàm lượng bột cá khác nhau và chu kỳ bổ sung bột cá đến tăng trưởng và chất lượng của rong nho. 
650 |a Seaweeds,Rong biển 
650 |x Research,Nghiên cứu 
910 |a Hải 
980 |a Trung tâm Học liệu Trường Đại học Cần Thơ